000 00649cam a22002293a 4500
001 38690
003 PGUSA
005 20140828083843.0
008 120127s2012||||xxu|||||s|||||000 | eng d
040 _aPGUSA
_beng
042 _adc
100 1 _aTolstoy, Leo, graf,
_d1828-1910
245 1 0 _aWhat Shall We Do?
_h[electronic resource] /
_cLeo, graf Tolstoy
260 _bProject Gutenberg,
_c2012
506 _aPublic domain in the USA.
516 _aElectronic text
700 1 _aA. C. F.
700 1 _aMayo, Isabella Fyvie,
_d1843-1914
830 0 _aProject Gutenberg
_v38690
856 4 0 _uhttp://www.gutenberg.org/ebooks/38690
942 _cEB
999 _c267944
_d267944